Most Populous Cities in the U.S. - 1940 Census - Statistics

General Stats
  • This quiz has been taken 25 times
  • The average score is 70 of 100
Answer Stats
Answer State Population % Correct
Los Angeles CA 1,504,277
100%
New York City NY 7,454,995
100%
Washington DC 663,091
100%
Atlanta GA 302,288
92%
Baltimore MD 859,100
92%
Boston MA 770,816
92%
Chicago IL 3,396,808
92%
Cincinnati OH 455,610
92%
Cleveland OH 878,336
92%
Dallas TX 294,734
92%
Denver CO 322,412
92%
Detroit MI 1,623,452
92%
Houston TX 384,514
92%
Indianapolis IN 386,972
92%
Memphis TN 292,942
92%
Minneapolis MN 492,370
92%
New Orleans LA 494,537
92%
Philadelphia PA 1,931,334
92%
Pittsburgh PA 671,659
92%
San Diego CA 203,341
92%
San Francisco CA 634,536
92%
Seattle WA 368,302
92%
St. Louis MO 816,048
92%
Buffalo NY 575,901
83%
Columbus OH 306,087
83%
El Paso TX 96,810
83%
Jersey City NJ 301,173
83%
Kansas City MO 399,178
83%
Kansas City KS 121,458
83%
Louisville KY 319,077
83%
Miami FL 172,172
83%
Milwaukee WI 587,472
83%
Nashville TN 167,402
83%
Newark NJ 429,760
83%
Portland OR 305,394
83%
Richmond VA 193,042
83%
Rochester NY 324,975
83%
Sacramento CA 105,958
83%
Syracuse NY 205,967
83%
Akron OH 244,791
75%
Dayton OH 210,718
75%
Fort Worth TX 177,662
75%
New Haven CT 160,605
75%
Oakland CA 302,163
75%
Oklahoma City OK 204,424
75%
Providence RI 253,504
75%
San Antonio TX 253,854
75%
Springfield MA 149,554
75%
St. Paul MN 287,736
75%
Toledo OH 282,349
75%
Albany NY 130,577
67%
Birmingham AL 267,583
67%
Cambridge MA 110,879
67%
Hartford CT 166,267
67%
Jacksonville FL 173,065
67%
Long Beach CA 164,271
67%
Omaha NE 223,844
67%
Reading PA 110,568
67%
Salt Lake City UT 149,934
67%
Tampa FL 108,391
67%
Trenton NJ 124,697
67%
Worcester MA 193,694
67%
Yonkers NY 142,598
67%
Allentown PA 96,904
58%
Bridgeport CT 147,121
58%
Camden NJ 117,536
58%
Charlotte NC 100,899
58%
Des Moines IA 159,819
58%
Elizabeth NJ 109,912
58%
Erie PA 116,955
58%
Fall River MA 115,428
58%
Grand Rapids MI 164,292
58%
Norfolk VA 144,332
58%
Paterson NJ 139,656
58%
Scranton PA 140,404
58%
Tulsa OK 142,157
58%
Wichita KS 114,966
58%
Youngstown OH 167,720
58%
Canton OH 108,401
50%
Chattanooga TN 128,163
50%
Duluth MN 101,065
50%
Flint MI 151,543
50%
Fort Wayne IN 118,410
50%
Gary IN 111,719
50%
Knoxville TN 111,580
50%
Little Rock AR 88,039
50%
Lowell MA 101,389
50%
Lynn MA 98,123
50%
Peoria IL 105,087
50%
Shreveport LA 98,167
50%
Spokane WA 122,001
50%
Tacoma WA 109,408
50%
Waterbury CT 99,314
50%
Wilmington DE 112,504
50%
New Bedford MA 110,341
42%
Savannah GA 95,996
42%
Evansville IN 97,062
33%
South Bend IN 101,268
33%
Utica NY 100,518
33%
Somerville MA 102,177
8%
No matching quizzes found
Score Distribution
Percent of People with Each Score
Percentile by Number Answered
Your Score History
You have not taken this quiz